Obálka Náhled e-knihy:
Epub
Pro půjčování e-knih musíte být přihlášeni.
Jak si půjčit online?

Tarzan of the Apes /

1888 W Africa. Newlyweds Lord and Lady Greystoke are marooned by mutineers. He builds a snug cabin for their growing family.But disaster falls. Great Apes raise the small son, destined to be Lord of the Jungle.

Uloženo v:
Hlavní autor: Burroughs, Edgar Rice (Autor)
Médium: E-kniha
Jazyk:Czech
Vydáno: Praha : Saga Egmont, 2017
Tagy:
Žádné tagy
LEADER 01112nam a22002297i 4500
001 312042
007 ta
008 260601s2017 xr ||||| |||| 00| 0 cze d
020 |a 9990003825124 
044 |a xr 
100 1 |a  Burroughs, Edgar Rice  |4 aut 
245 1 0 |a Tarzan of the Apes /  |c  Burroughs, Edgar Rice 
264 1 |a Praha :  |b Saga Egmont,  |c 2017 
300 |a 1 online zdroj (212 stran) 
336 |a text  |b txt  |2 rdacontent 
337 |a bez média  |b n  |2 rdamedia 
338 |a online zdroj  |b cr  |2 rdacarrier 
520 2 |a 1888 W Africa. Newlyweds Lord and Lady Greystoke are marooned by mutineers. He builds a snug cabin for their growing family.But disaster falls. Great Apes raise the small son, destined to be Lord of the Jungle. 
910 |a RBIT002 
998 |d 382512  |a https://core.palmknihy.cz/api/books/382512/cover?s3vaxx  |b https://core.palmknihy.cz/api/books/382512/cover/400?s3vaxx  |c https://core.palmknihy.cz/api/books/382512/cover/50?s3vaxx  |e   |g 212  |i 9990003825124  |j https://core.palmknihy.cz/api/books/382512/preview.epub  |l   |q 49  |r 1  |s https://www.palmknihy.cz/kniha/382512  |t ebook  |y 2017  |z 1 
999 |d 312040